000 00202 a2200097 4500
001 3852
100 _aLange, N.A
245 _aHand book of chemistry
260 _a
_bMcgrawhill
_c
090 _c3083
_d3083
942 _aNUST-CAE
_cM
_c23147
999 _c238925
_d238925